| 000 | 00765 a2200205 4500 | ||
|---|---|---|---|
| 020 | _a3540424199 | ||
| 020 | _a9783540424192 | ||
| 082 | 0 | 4 | _a003.85 |
| 090 |
_c486 _d486 |
||
| 100 | 1 | _aAnishchenko, Vadim S. | |
| 245 | 1 | 0 |
_aNonlinear dynamics of chaotic and stochastic systems / _cVadim S. Anishchenko, Vladimir Astakhov, Alexander Neiman, Tatjana Vadivasova, Lutz Schimansky-Geier. |
| 260 |
_a[S.l.] : _bSpringer, _c2002. |
||
| 300 |
_a385 p. ; _c25 cm. |
||
| 700 | 1 | _aAstakhov, Vladimir. | |
| 700 | 1 | _aNeiman, Alexander. | |
| 700 | 1 | _aVadivasova, Tatjana. | |
| 700 | 1 | _aSchimansky-Geier, Lutz. | |
| 942 |
_aSNS _cBK _k003.85 ANI |
||
| 999 |
_c29117 _d29117 |
||